History Quiz

Random History or Century Quiz

20th Century: '80s or '90s? Quiz Stats

 Plays Quiz Updated Aug 8, 2016

Challenge
Share
Tweet
Embed
Score 0/30 Timer 05:00
0 Plays Today
Event (8)0s or (9)0s % Correct
John Lennon assassinated???
96.8%
'Pac-Man' arcade game released???
95.7%
First Harry Potter book released???
93.2%
Michael Jackson released 'Thriller'???
91.9%
Princess Diana died in car crash???
91.2%
'E.T. the Extra-Terrestrial' released???
87.7%
IBM introduced their first Personal Computer (PC)???
86.4%
The virus that causes AIDS discovered???
84.6%
Operation Desert Storm occurred???
84.5%
Euro first used in world financial market???
80.9%
Ted Turner established CNN???
79.7%
First mammal, Dolly the Sheep, cloned???
78.3%
Hong Kong returned to China???
76.9%
Chernobyl nuclear disaster occurred ???
75.1%
Nelson Mandela released from prison???
74.9%
Event (8)0s or (9)0s % Correct
PG-13 movie rating created???
72.8%
Breakup of Yugoslavia occurred???
70.8%
Rwandan genocide occurred???
68.4%
South Africa began to repeal apartheid laws???
64.1%
Whitney Houston released 'I Will Always Love You'???
62.7%
Collapse of the Soviet Union???
58.9%
Hubble Telescope launched into space???
55.5%
Mir Space Station launched???
55.3%
Exxon Valdez oil spill occurred???
54.3%
Hole in the ozone layer discovered???
54.2%
DNA evidence first used to convict criminals???
53.9%
Wreck of the Titanic found???
53.4%
First Internet domain name registered???
53.1%
Germany reunited???
49.7%
First transpacific hot air balloon flight???
41.2%

You're not logged in!

Compare scores with friends on all Sporcle quizzes.
Join for Free
OR
Log In

You Might Also Like...

Show Comments

Extras

Top Quizzes Today


Score Distribution

Your Account Isn't Verified!

In order to create a playlist on Sporcle, you need to verify the email address you used during registration. Go to your Sporcle Settings to finish the process.

Report this User

Report this user for behavior that violates our Community Guidelines.

Details: